MCSA/MCSE managing and maintaining a Windows server 2003 environment (Record no. 51460)
[ view plain ]
| 000 -LEADER | |
|---|---|
| fixed length control field | 01624nam a2200361Ia 4500 |
| 001 - CONTROL NUMBER | |
| control field | vtls003202023 |
| 003 - CONTROL NUMBER IDENTIFIER | |
| control field | MY-SjTCS |
| 005 - DATE AND TIME OF LATEST TRANSACTION | |
| control field | 20200306164907.0 |
| 006 - FIXED-LENGTH DATA ELEMENTS--ADDITIONAL MATERIAL CHARACTERISTICS | |
| fixed length control field | m u |
| 007 - PHYSICAL DESCRIPTION FIXED FIELD--GENERAL INFORMATION | |
| fixed length control field | cr cn||||||||| |
| 008 - FIXED-LENGTH DATA ELEMENTS--GENERAL INFORMATION | |
| fixed length control field | 100712s2003 mau gs 000 0 eng d |
| 020 ## - INTERNATIONAL STANDARD BOOK NUMBER | |
| Canceled/invalid ISBN | 1932266607 |
| 035 ## - SYSTEM CONTROL NUMBER | |
| System control number | (CaPaEBR)ebr10044837 |
| 039 #9 - LEVEL OF BIBLIOGRAPHIC CONTROL AND CODING DETAIL [OBSOLETE] | |
| -- | 201007121754 |
| -- | VLOAD |
| 040 ## - CATALOGING SOURCE | |
| Original cataloging agency | CaPaEBR |
| Transcribing agency | CaPaEBR |
| 050 14 - LIBRARY OF CONGRESS CALL NUMBER | |
| Classification number | QA76.3 |
| Item number | S55 2003eb |
| 100 1# - MAIN ENTRY--PERSONAL NAME | |
| Personal name | Shinder, Thomas W. |
| 9 (RLIN) | 256145 |
| 245 10 - TITLE STATEMENT | |
| Title | MCSA/MCSE managing and maintaining a Windows server 2003 environment |
| Medium | [electronic resource] : |
| Remainder of title | exam 70-290 study guide and DVD training / |
| Statement of responsibility, etc. | Thomas W. Shinder, Debra Shinder Littlejohn and Jeffrey A. Martin. |
| 246 30 - VARYING FORM OF TITLE | |
| Title proper/short title | Exam 70-290 study guide and DVD training |
| 260 ## - PUBLICATION, DISTRIBUTION, ETC. | |
| Place of publication, distribution, etc. | [Rockland, Mass.] : |
| Name of publisher, distributor, etc. | Syngress, |
| Date of publication, distribution, etc. | 2003. |
| 300 ## - PHYSICAL DESCRIPTION | |
| Extent | 1025 p. |
| 529 ## - | |
| -- | TSLHHL |
| 533 ## - REPRODUCTION NOTE | |
| Type of reproduction | Electronic reproduction. |
| Place of reproduction | Palo Alto, Calif. : |
| Agency responsible for reproduction | ebrary, |
| Date of reproduction | 2009. |
| Note about reproduction | Available via World Wide Web. |
| -- | Access may be limited to ebrary affiliated libraries. |
| 630 00 - SUBJECT ADDED ENTRY--UNIFORM TITLE | |
| Uniform title | Microsoft Windows server. |
| 9 (RLIN) | 9910 |
| 650 #0 - SUBJECT ADDED ENTRY--TOPICAL TERM | |
| Topical term or geographic name entry element | Operating systems (Computers) |
| 9 (RLIN) | 443 |
| 650 #0 - SUBJECT ADDED ENTRY--TOPICAL TERM | |
| Topical term or geographic name entry element | Electronic data processing personnel |
| General subdivision | Certification |
| Form subdivision | Study guides. |
| 9 (RLIN) | 10187 |
| 650 #0 - SUBJECT ADDED ENTRY--TOPICAL TERM | |
| Topical term or geographic name entry element | Microsoft software |
| General subdivision | Examinations |
| Form subdivision | Study guides. |
| 9 (RLIN) | 256146 |
| 655 #7 - INDEX TERM--GENRE/FORM | |
| Genre/form data or focus term | Electronic books. |
| Source of term | local |
| 9 (RLIN) | 201578 |
| 700 1# - ADDED ENTRY--PERSONAL NAME | |
| Personal name | Shinder, Debra Littlejohn. |
| 9 (RLIN) | 256147 |
| 700 1# - ADDED ENTRY--PERSONAL NAME | |
| Personal name | Martin, Jeffrey A. |
| 9 (RLIN) | 256148 |
| 710 2# - ADDED ENTRY--CORPORATE NAME | |
| Corporate name or jurisdiction name as entry element | ebrary, Inc. |
| 9 (RLIN) | 25628 |
| 856 40 - ELECTRONIC LOCATION AND ACCESS | |
| Uniform Resource Identifier | https://ezproxy.taylors.edu.my/login?url=http://site.ebrary.com/lib/taylorscollege/Doc?id=10044837 |
| Public note | An electronic book accessible through the World Wide Web; click to view |
| Withdrawn status | Lost status | Damaged status | Not for loan | Home library | Current library | Date acquired | Total Checkouts | Date last seen | Price effective from | Koha item type |
|---|---|---|---|---|---|---|---|---|---|---|
| e-book | Taylor's Library-TU | Taylor's Library-TU | 02/03/2026 | 02/03/2026 | 02/03/2026 | E-Book |